Business intelligence in the context of enterprise decision-making processes
Vymedzenie pojmu Business intelligence. Rozhodovacie procesy v podniku.
Salvato in:
| Autore principale: | |
|---|---|
| Altri autori: | |
| Natura: | Capitolo di libro |
| Lingua: | inglese |
| Soggetti: | |
| Tags: |
Nessun Tag, puoi essere il primo ad aggiungerne!!
|
MARC
| LEADER | 00000nla a2200000 4500 | ||
|---|---|---|---|
| 001 | 0226822 | ||
| 005 | 20240502073734.5 | ||
| 041 | 0 | |a eng | |
| 044 | |a SK | ||
| 245 | 1 | 0 | |a Business intelligence in the context of enterprise decision-making processes |c Juraj Tobák, Petra Tobáková |
| 520 | |a Vymedzenie pojmu Business intelligence. Rozhodovacie procesy v podniku. | ||
| 610 | 2 | 0 | |a business intelligence |
| 610 | 2 | 0 | |a procesy rozhodovacie |
| 610 | 2 | 0 | |a podnik |
| 610 | 2 | 0 | |a systémy informačné |
| 100 | 1 | |a Tobák, Juraj, 1986- | |
| 700 | 1 | |a Tobáková, Petra, 1987- | |